Response to Tyranny: Writings Between July 1975 and February 1977 (Record no. 222889)
[ view plain ]
| 000 -LEADER | |
|---|---|
| fixed length control field | 00650nam a22001937a 4500 |
| 005 - DATE AND TIME OF LATEST TRANSACTION | |
| control field | 20220512095051.0 |
| 008 - FIXED-LENGTH DATA ELEMENTS--GENERAL INFORMATION | |
| fixed length control field | 220512b ||||| |||| 00| 0 eng d |
| 040 ## - CATALOGING SOURCE | |
| Transcribing agency | AL |
| 041 ## - LANGUAGE CODE | |
| Language code of text/sound track or separate title | English |
| 082 ## - DEWEY DECIMAL CLASSIFICATION NUMBER | |
| Edition number | 23 |
| Classification number | 954.051 |
| Item number | THOR |
| 100 ## - MAIN ENTRY--PERSONAL NAME | |
| Personal name | M M Thomas |
| 100 ## - MAIN ENTRY--PERSONAL NAME | |
| 9 (RLIN) | 36203 |
| 245 ## - TITLE STATEMENT | |
| Title | Response to Tyranny: Writings Between July 1975 and February 1977 |
| 260 ## - PUBLICATION, DISTRIBUTION, ETC. | |
| Place of publication, distribution, etc. | New Delhi |
| Name of publisher, distributor, etc. | Forum for Christian Concern for Peoples Struggle |
| Date of publication, distribution, etc. | 1979 |
| 300 ## - PHYSICAL DESCRIPTION | |
| Extent | xvi,127 p. |
| Other physical details | PB |
| Dimensions | 18x12 cm. |
| 650 ## - SUBJECT ADDED ENTRY--TOPICAL TERM | |
| Topical term or geographic name entry element | Christians -- India -- Political activity |
| 9 (RLIN) | 36204 |
| 650 ## - SUBJECT ADDED ENTRY--TOPICAL TERM | |
| Topical term or geographic name entry element | India -- Politics and government -- 1975-1977 |
| 9 (RLIN) | 36205 |
| 700 ## - ADDED ENTRY--PERSONAL NAME | |
| Personal name | THOMAS (M M) |
| 9 (RLIN) | 36206 |
| 942 ## - ADDED ENTRY ELEMENTS (KOHA) | |
| Source of classification or shelving scheme | Dewey Decimal Classification |
| Koha item type | George Fernandes Collections |
| Withdrawn status | Lost status | Source of classification or shelving scheme | Damaged status | Not for loan | Collection code | Home library | Current library | Date acquired | Total Checkouts | Full call number | Barcode | Date last seen | Price effective from | Koha item type |
|---|---|---|---|---|---|---|---|---|---|---|---|---|---|---|
| Dewey Decimal Classification | History | St Aloysius Library | St Aloysius Library | 03/24/2013 | 954.051 THOR | GF02071 | 05/12/2022 | 05/12/2022 | George Fernandes Collections |